Động vật học không xương sống Giáo trình dùng cho trường Đại học Sư phạm

Kiến thức cơ bản về động vật không xương sống, về sinh thái học, di truyền học, học thuyết tiến hoá. Phân chia động vật theo ngành lớn: Động vật nguyên sinh, động vật đa bào, động vật có miệng nguyên sinh, động vật có miệng thứ sinh...

وصف كامل

محفوظ في:
التفاصيل البيبلوغرافية
المؤلف الرئيسي: Thái Trần Bái
التنسيق: كتاب
اللغة:Vietnamese
منشور في: H. Giáo dục 2001
الموضوعات:
الوسوم: إضافة وسم
لا توجد وسوم, كن أول من يضع وسما على هذه التسجيلة!
Thư viện lưu trữ: Mạng thư viện Đại học Đà Nẵng
LEADER 01638nam a22004098a 4500
001 000008973
003 5167
005 20120315070344.0
008 111024s2001 b 000 0 od
020 |c 31300đ  |d 3000b 
041 0 |a dkt 
041 0 |a vie 
080 |a 592(075.3) 
082 |a 592  |b TH-B 
084 |a E691/692z73  |b Đ000ộ 
100 1 |a Thái Trần Bái 
245 1 0 |a Động vật học không xương sống  |b Giáo trình dùng cho trường Đại học Sư phạm  |c Thái Trần Bái 
260 |a H.  |b Giáo dục  |c 2001 
300 |a 356tr : minh hoạ  |c 27cm 
500 |a Thư mục cuối chính văn 
520 |a Kiến thức cơ bản về động vật không xương sống, về sinh thái học, di truyền học, học thuyết tiến hoá. Phân chia động vật theo ngành lớn: Động vật nguyên sinh, động vật đa bào, động vật có miệng nguyên sinh, động vật có miệng thứ sinh 
653 |a Động vật học 
653 |a Động vật không xương sống 
653 |a Sinh thái học 
653 |a Di truyền học 
653 |a Giáo trình 
910 |a Nguyễn Thị Kim Oanh  |d 24/10/2011 
OWN |a LSP 
AVA |a UDN50  |b LSP  |d 592 TH-B  |e available  |t Error 5001 Not defined in file expand_doc_bib_avail.  |f 5  |g 0  |h N  |i 0  |k 1 
999 |a From the UDN01 
AVA |a UDN50  |b LSP  |d 592 TH-B  |e available  |t Error 5001 Not defined in file expand_doc_bib_avail.  |f 5  |g 0  |h N  |i 0  |k 1 
TYP |a Monograph 
TYP |a Printed language 
980 |a Mạng thư viện Đại học Đà Nẵng